00780nam a2200205 i 4500001000700000003000900007005001700016007000300033008004100036100004200077245012200119250001200241260004900253300002100302490007200323651003100395651005200426830007200478852002400550104391ES-MaACL20230906183605.0t|051129s1927 sp |||| | spa d1 aMillares Carlo, Agustín,d1893-198010aÍndice y extractos del Libro Horadado del Concejo Madrileño b: (siglos XV-XVI) / cpor Agustín Millares Carlo. a2ª ed. aMadrid : b[s.n.], c1927 (fImp. Municipal) a92 p. ; c24 cm.1 aPublicaciones de la Revista de la Biblioteca, Archivo y Museo ; v2 4aMadrid-xHistoria-yS.XVI. 4aMadrid-xAdministración-vHistoria-vFuentes.0 aPublicaciones de la Revista de la Biblioteca, Archivo y Museo ; v2 aES-MaACLj1719-F-13